000
00225nam a2200097Ia 4500
005
20251222114402.0
008
251222s1900||||xx |||||||||||||| ||spa||
082
_a
DVD0060/D33/2006
245
0
_a
Little miss sunshine
942
_c
DVD
999
_c
1670
_d
1670